Bulk Carrier Practice / (Record no. 138)

000 -LEADER
fixed length control field 00550nam a2200181Ia 4500
008 - FIXED-LENGTH DATA ELEMENTS--GENERAL INFORMATION
fixed length control field 190805s9999||||xx |||||||||||||| ||und||
020 ## - INTERNATIONAL STANDARD BOOK NUMBER
International Standard Book Number 9781906915100
Terms of availability £ 165.00
040 ## - CATALOGING SOURCE
Original cataloging agency IMU Kochi Library
082 04 - DEWEY DECIMAL CLASSIFICATION NUMBER
Classification number 623.88245
Item number Is19
Edition number 23
100 1# - MAIN ENTRY--PERSONAL NAME
Personal name Isbester, Jack
245 10 - TITLE STATEMENT
Title Bulk Carrier Practice /
250 ## - EDITION STATEMENT
Edition statement 2nd ed.
260 ## - PUBLICATION, DISTRIBUTION, ETC. (IMPRINT)
Place of publication, distribution, etc London :
Name of publisher, distributor, etc The Nautical Institute,
Date of publication, distribution, etc 2013
300 ## - PHYSICAL DESCRIPTION
Extent xxvi, 512 p. :
Other physical details col. Ill. ;
Dimensions 30 cm +
Accompanying material 1 CD-ROM
650 #0 - SUBJECT ADDED ENTRY--TOPICAL TERM
Topical term or geographic name as entry element Bulk carrier cargo ships
General subdivision Standards
852 ## - LOCATION/CALL NUMBER
Location IMU Kochi Library
942 ## - ADDED ENTRY ELEMENTS (KOHA)
Item type Reference book
Holdings
Withdrawn status Lost status Damaged status Not for loan Collection code Permanent location Current location Shelving location Date acquired Source of acquisition Cost, normal purchase price Total Checkouts Full call number Barcode Date last seen Date last borrowed Koha item type Public note Source of classification or shelving scheme
        Nautical Science IMU Kochi Library IMU Kochi Library Reference 2017-05-22 Segment Book Distrubuters 14355.00 6 623.88245 Is19 BK003120 2024-09-30 2024-09-30 Reference book Shelf-4, Row-3  
        Nautical Science IMU Kochi Library IMU Kochi Library Staff Office 2017-05-22 Accompanying Material (free with textbook)     623.88245 Is19 CD 003120CD 2020-09-11   Compact Disc Circulation Sec, Drawer No.4  


Copyright © All Rights Reserved by Indian Maritime University, Kochi Campus.
For any Suggestions/Query Contact to library or Email: library.kochi@imu.ac.in Ph:(0484)-2989402
(Web OPAC Designed by Rudra Ranjan. Maintained by IMU Kochi Library)

Powered by Koha